000 00691nam a2200289Ia 4500
005 20260324130739.0
008 008 260324s9999 xx 000 0 eng d
020 _a9781315584591
037 _aEBOOK
040 _aCRL
040 _beng
040 _cCRL
041 _2eng
041 _aeng
084 _qCRL
100 _aFlorene S. Memegalos
_91182944
245 0 _aGeorge Goring (1608–1657)
245 0 _bCaroline Courtier and Royalist General
260 _bTaylor and Francis
260 _c2007
365 _a
365 _b240
856 _uhttp://www.taylorfrancis.com/books/9781315584591
942 _cEBOOK
999 _c1779389
_d1779389